00358nam a22001217a 4500003000400000008004100004082001200045100002400057245009400081260003500175300000800210650001800218OSt230304b |||||||| |||| 00| 0 eng d a327 DRP aDrishti Publication aPolitical Science and International Relations(Western and Indian Political Thought Book-1 aNew DelhibDrishti Publication a128 aGeneral Books